000 01121cab a2200361 4500
001 ABS47143
008 090401t1992 xxu||||| |||| 00| 0 eng d
035 _a(Sirsi) u60922
041 _aeng
100 _aDent, T.
245 _aCAP reform : the effect on farm enterprises and ultimate influence on land values
260 _c1992
350 _a0
490 _aFarmland Market
_v(38) August 1992, 13-15(3)
520 _aAnalyses the effect the CAP reforms will have on farming within the UK and agricultural land values. Table 1 summaries the CAP reforms by different categories of farming including arable, dairy, beef, and sheep.
650 _aARABLE
650 _aCAP REFORM
650 _aDAIRY FARMING
650 _aENVIRONMENTALLY SENSITIVE AREAS
650 _aEXTENSIVE FARMING
650 _aFARMING
650 _aGATT
650 _aLAND VALUES
650 _aMILK QUOTAS
650 _aNITRATE SENSITIVE AREAS
650 _aORGANIC FARMING
650 _aOUTPUT
650 _aPREMIUM RIGHTS
650 _aSET-ASIDE
690 _aRURAL PRACTICE
942 _n0
948 _c04/03/1997
999 _c37670
_d37670